[Event "TUR-chT2"]
[Site "Konya"]
[Date "2018.07.12"]
[Round "4.9"]
[White "Tayhan, Nart Murat"]
[Black "Komut, Kaan"]
[Result "1/2-1/2"]
[WhiteElo "1759"]
[BlackElo "1919"]
[PlyCount "61"]
[EventDate "2018.07.10"]
[EventType "team-swiss"]
[EventRounds "9"]
[EventCountry "TUR"]
[SourceTitle "EXT 2019"]
[Source "ChessBase"]
[SourceDate "2018.10.10"]
[SourceVersion "1"]
[SourceVersionDate "2018.10.10"]
[SourceQuality "1"]
[WhiteTeam "Akcakoca Esentepe Okulu"]
[BlackTeam "Pamukkale Yonetimi"]
[WhiteTeamCountry "TUR"]
[BlackTeamCountry "TUR"]

1. d4 d5 2. Nf3 Nf6 3. c4 e6 4. g3 Be7 5. Bg2 0-0 6. 0-0 c6 7. Nbd2 Nbd7 8. Qc2 Re8 9. e4 dxe4 10. Nxe4 Nxe4 11. Qxe4 Nf6 12. Qe2 Qc7 13. Bf4 Bd6 14. Ne5 Nd7 15. c5 Bxe5 16. Bxe5 Qd8 17. Bd6 Nf6 18. b4 Nd5 19. Qb2 Bd7 20. a4 a6 21. Rfe1 Qf6 22. Be5 Qd8 23. Be4 f5 24. Bxd5 exd5 25. Qd2 Qe7 26. Bd6 Qf7 27. Rxe8+ Rxe8 28. Re1 Re4 29. f3 Re6 30. Rxe6 Qxe6 31. Kf2 1/2-1/2

[Event "TUR-chT 1st League"]
[Site "Konya"]
[Date "2017.07.21"]
[Round "7.4"]
[White "Dogan, Ali Ekber"]
[Black "Komut, Kaan"]
[Result "1-0"]
[WhiteElo "2136"]
[BlackElo "1946"]
[PlyCount "97"]
[EventDate "2017.07.17"]
[EventType "team-swiss"]
[EventRounds "9"]
[EventCountry "TUR"]
[SourceTitle "CBM 179 Extra"]
[Source "ChessBase"]
[SourceDate "2017.08.23"]
[SourceVersion "1"]
[SourceVersionDate "2017.08.23"]
[SourceQuality "1"]
[WhiteTeam "Biltis Tatvan"]
[BlackTeam "Pamukkale Universiteli"]
[WhiteTeamCountry "TUR"]
[BlackTeamCountry "TUR"]

1. d4 d5 2. c4 e6 3. Nf3 Nf6 4. g3 Be7 5. Bg2 0-0 6. Qc2 b6 7. cxd5 exd5 8. Nc3 Bb7 9. Ne5 c5 10. dxc5 Bxc5 11. Bg5 h6 12. Bxf6 Qxf6 13. Nd3 Nd7 14. 0-0 Rac8 15. Qb3 Bd4 16. Bxd5 Ba6 17. Ne4 Qe7 18. Nb4 Bxe2 19. Rfe1 Nc5 20. Nxc5 bxc5 21. Nc6 Rxc6 22. Bxc6 Qf6 23. Rxe2 Qxc6 24. Rae1 h5 25. h4 Qf6 26. Qd5 g6 27. b3 Kg7 28. Kg2 Qa6 29. Qf3 Rd8 30. Re7 Bf6 31. R1e6 Qxe6 32. Rxe6 fxe6 33. Qb7+ Kh6 34. Qf7 Bg7 35. Qxe6 Bd4 36. Qe7 Rg8 37. Qxa7 Rf8 38. f3 Re8 39. g4 Re2+ 40. Kh3 hxg4+ 41. fxg4 Re3+ 42. Kg2 Re2+ 43. Kg3 Bg7 44. g5+ Kh7 45. Qxc5 Rxa2 46. h5 gxh5 47. Qf5+ Kg8 48. g6 Ra7 49. Qd5+ 1-0

[Event "TUR-chT"]
[Site "Kocaeli"]
[Date "2015.08.11"]
[Round "8.2"]
[White "Nikolova, Adriana"]
[Black "Komut, Kaan"]
[Result "1-0"]
[WhiteElo "2304"]
[BlackElo "1919"]
[PlyCount "103"]
[EventDate "2015.08.04"]
[EventType "team-tourn"]
[EventRounds "13"]
[EventCountry "TUR"]
[SourceTitle "CBM 167 Extra"]
[Source "ChessBase"]
[SourceDate "2015.09.14"]
[SourceVersion "1"]
[SourceVersionDate "2015.09.14"]
[SourceQuality "1"]
[WhiteTeam "Kocaeli Buyuksehir"]
[BlackTeam "Pamukkale Yonetimi"]
[WhiteTeamCountry "TUR"]
[BlackTeamCountry "TUR"]

1. e4 e5 2. Nf3 Nc6 3. Bb5 a6 4. Ba4 Nf6 5. 0-0 Be7 6. Re1 b5 7. Bb3 d6 8. c3 0-0 9. h3 Na5 10. Bc2 c5 11. d4 Qc7 12. d5 Bd7 13. b3 Nb7 14. Nbd2 a5 15. a4 bxa4 16. bxa4 c4 17. Qe2 Rfc8 18. Ba3 Be8 19. Reb1 Nd7 20. Rb2 Kf8 21. Nh2 Nb6 22. Rab1 Ra6 23. Nxc4 Nxc4 24. Rxb7 Qd8 25. Bc1 Rb6 26. R1xb6 Nxb6 27. Be3 Nxa4 28. Bxa4 Bxa4 29. Bb6 Qe8 30. Bxa5 Rb8 31. Rxb8 Qxb8 32. Bb4 Qb5 33. Qa2 g6 34. Qa3 Bc2 35. Nf3 Qd7 36. Nd2 Qa4 37. Qxa4 Bxa4 38. Nc4 Ke8 39. Bxd6 Bb5 40. Bxe7 Bxc4 41. Bf6 Kd7 42. Bxe5 f5 43. exf5 gxf5 44. d6 Ke6 45. Bf4 h5 46. f3 Bb5 47. Kf2 Kd5 48. Kg3 Ke6 49. Kh4 Bf1 50. Kxh5 Bxg2 51. h4 Kf6 52. Be5+ 1-0

[Event "TUR-chT"]
[Site "Kocaeli"]
[Date "2015.08.08"]
[Round "6.6"]
[White "Benidze, Davit"]
[Black "Komut, Kaan"]
[Result "1-0"]
[WhiteElo "2469"]
[BlackElo "1919"]
[PlyCount "83"]
[EventDate "2015.08.04"]
[EventType "team-tourn"]
[EventRounds "13"]
[EventCountry "TUR"]
[SourceTitle "CBM 167 Extra"]
[Source "ChessBase"]
[SourceDate "2015.09.14"]
[SourceVersion "1"]
[SourceVersionDate "2015.09.14"]
[SourceQuality "1"]
[WhiteTeam "Kahramanmaras Buyuksehir"]
[BlackTeam "Pamukkale Yonetimi"]
[WhiteTeamCountry "TUR"]
[BlackTeamCountry "TUR"]

1. Nf3 d5 2. g3 Nf6 3. Bg2 g6 4. 0-0 Bg7 5. d3 0-0 6. Nbd2 Re8 7. e4 dxe4 8. dxe4 e5 9. Re1 b6 10. b3 Ba6 11. Bb2 Nc6 12. Nf1 Qe7 13. Ne3 Rad8 14. Nd2 Nb8 15. Qc1 c6 16. a4 Bh6 17. h3 Qc7 18. Bc3 Nfd7 19. Qb2 Nf8 20. Ndc4 f6 21. b4 Bxc4 22. Nxc4 Ne6 23. h4 b5 24. Ne3 Bxe3 25. Rxe3 a6 26. Bf1 Rd6 27. Rd3 Red8 28. Rad1 Rxd3 29. Bxd3 Kg7 30. Bd2 Nd7 31. Qa2 Nef8 32. Be3 Nb6 33. axb5 axb5 34. Qa5 Nfd7 35. Be2 Ra8 36. Rxd7+ Qxd7 37. Qxb6 h5 38. Kg2 f5 39. exf5 gxf5 40. Qc5 Qe6 41. Bxh5 Qd5+ 42. Bf3 1-0

[Event "TUR-chT2"]
[Site "Konya"]
[Date "2014.06.29"]
[Round "9.3"]
[White "Komut, Kaan"]
[Black "Ermis, Mehmet Eren"]
[Result "1/2-1/2"]
[WhiteElo "1945"]
[BlackElo "1893"]
[PlyCount "145"]
[EventDate "2014.06.23"]
[EventType "team-swiss"]
[EventRounds "9"]
[EventCountry "TUR"]
[SourceTitle "CBM 161 Extra"]
[Source "ChessBase"]
[SourceDate "2014.08.29"]
[SourceVersion "1"]
[SourceVersionDate "2014.08.29"]
[SourceQuality "1"]
[WhiteTeam "Deniz Pamukkale"]
[BlackTeam "Samandag Altin"]
[WhiteTeamCountry "TUR"]
[BlackTeamCountry "TUR"]

1. e4 c5 2. Nf3 d6 3. c3 Nf6 4. h3 g6 5. Bd3 Bg7 6. Bc2 0-0 7. 0-0 Nc6 8. d4 cxd4 9. cxd4 e5 10. d5 Ne7 11. Nc3 Ne8 12. Re1 h6 13. Nd2 f5 14. exf5 gxf5 15. Nf1 f4 16. Be4 Nf6 17. Nh2 Bf5 18. Bxf5 Nxf5 19. Nf3 Rc8 20. Qd3 Qd7 21. Bd2 Rc5 22. b4 Rcc8 23. Rac1 Rfe8 24. Ne4 Ne7 25. Nxf6+ Bxf6 26. Bc3 Rc7 27. Nd2 Rec8 28. Ne4 Bg7 29. Bb2 Rxc1 30. Rxc1 Rxc1+ 31. Bxc1 Kh8 32. Bb2 Nc8 33. Nd2 Ne7 34. Ne4 Nc8 35. Nd2 Bf8 36. Nc4 Ne7 37. a3 Nf5 38. Nd2 Qf7 39. Ne4 Qg6 40. Nd2 Kh7 41. Nb1 Nh4 42. Qxg6+ Kxg6 43. Nc3 Kf5 44. f3 Kg6 45. Kf2 Nf5 46. Ne4 Be7 47. Bc1 Nd4 48. Ke1 Kf7 49. Bb2 Nf5 50. Bc1 Ke8 51. Ke2 Kd7 52. Bd2 Bd8 53. Be1 Bb6 54. Bf2 Bxf2 55. Kxf2 Ne3 56. Nc3 Nc2 57. Nb1 Ne3 58. Nc3 Nf5 59. Ne4 Ke7 60. Nc3 h5 61. Ke2 h4 62. Nd1 Kd7 63. Kd3 Ke7 64. Ke4 Kf6 65. Kd3 Ke7 66. Ke4 Ng3+ 67. Kd3 Kf6 68. a4 Nf5 69. Ke4 Ng3+ 70. Kd3 Nf5 71. Ke4 Nd4 72. Kd3 Nf5 73. Ke4 1/2-1/2

[Event "TUR-chT"]
[Site "Konya"]
[Date "2012.07.14"]
[Round "4"]
[White "Komut, Kaan"]
[Black "Komut, Burak"]
[Result "1/2-1/2"]
[WhiteElo "1996"]
[BlackElo "2008"]
[PlyCount "61"]
[EventDate "2012.07.11"]
[EventType "team-tourn"]
[EventRounds "13"]
[EventCountry "TUR"]
[SourceTitle "CBM 149 Extra"]
[Source "ChessBase"]
[SourceDate "2012.08.24"]
[SourceVersion "1"]
[SourceVersionDate "2012.08.24"]
[SourceQuality "1"]
[WhiteTeam "Denizli Pamukkale Uni"]
[BlackTeam "Tarsus Zeka"]
[WhiteTeamCountry "TUR"]
[BlackTeamCountry "TUR"]

1. e4 e5 2. Nf3 Nc6 3. Bb5 a6 4. Ba4 Nf6 5. 0-0 Be7 6. Re1 b5 7. Bb3 0-0 8. c3 d6 9. h3 h6 10. d3 Na5 11. Bc2 c5 12. Nbd2 Re8 13. Nf1 Bf8 14. Ng3 g6 15. b3 Nc6 16. Bb2 Bb7 17. Nh2 Bg7 18. Ng4 Nxg4 19. Qxg4 Qc8 20. Qxc8 Raxc8 21. Rad1 a5 22. Bb1 b4 23. c4 Ne7 24. Rf1 g5 25. Bc2 Rc7 26. Rde1 Bc8 27. Bd1 Ng6 28. Nh5 Be6 29. g4 Kh7 30. Bc1 Ra8 31. f3 1/2-1/2

[Event "TUR-chT"]
[Site "Konya"]
[Date "2012.07.11"]
[Round "1"]
[White "Dogan, Ali Ekber"]
[Black "Komut, Kaan"]
[Result "1-0"]
[WhiteElo "2151"]
[BlackElo "1996"]
[PlyCount "113"]
[EventDate "2012.07.11"]
[EventType "team-tourn"]
[EventRounds "13"]
[EventCountry "TUR"]
[SourceTitle "CBM 149 Extra"]
[Source "ChessBase"]
[SourceDate "2012.08.24"]
[SourceVersion "1"]
[SourceVersionDate "2012.08.24"]
[SourceQuality "1"]
[WhiteTeam "Mersin Ezgi"]
[BlackTeam "Denizli Pamukkale Uni"]
[WhiteTeamCountry "TUR"]
[BlackTeamCountry "TUR"]

1. d4 d5 2. c4 e6 3. Nf3 Nf6 4. g3 dxc4 5. Qc2 Bb4+ 6. Bd2 Bxd2+ 7. Nbxd2 b5 8. a4 c6 9. Bg2 0-0 10. axb5 Nd5 11. bxc6 Nxc6 12. Qxc4 Bb7 13. 0-0 Rc8 14. Rfc1 Qb6 15. Qa4 Rfd8 16. Nc4 Qb4 17. Qxb4 Ndxb4 18. e3 Nd3 19. Rc3 Ncb4 20. Raa3 Bd5 21. Nfe5 Nxe5 22. Nxe5 f6 23. Bxd5 Nxd5 24. Rxc8 Rxc8 25. Nd3 Rc7 26. Kf1 Kf7 27. Ke1 Ke7 28. Ra6 Nb6 29. b3 Kd6 30. Kd2 Kc6 31. Ra5 Kd6 32. e4 Nd7 33. Nb2 Nb8 34. Nc4+ Kd7 35. d5 Rb7 36. Kc3 exd5 37. exd5 Ke7 38. b4 Nd7 39. Ra6 Nb6 40. Nxb6 axb6 41. Kd4 Kd6 42. f3 Kd7 43. Ra8 Kc7 44. h4 Kd7 45. h5 h6 46. g4 Kc7 47. Rg8 Kd6 48. Re8 Rd7 49. Rc8 Rb7 50. Rc6+ Ke7 51. Re6+ Kd8 52. Kc4 Rc7+ 53. Rc6 Re7 54. Rxb6 Re3 55. Rb7 Rxf3 56. Rxg7 f5 57. g5 1-0

[Event "TUR-chT"]
[Site "Konya"]
[Date "2011.07.05"]
[Round "9"]
[White "Koksal, Ege"]
[Black "Komut, Kaan"]
[Result "0-1"]
[WhiteElo "2004"]
[BlackElo "1917"]
[PlyCount "102"]
[EventDate "2011.06.28"]
[EventType "team-swiss"]
[EventRounds "13"]
[EventCountry "TUR"]
[SourceTitle "CBM 143 Extra"]
[Source "ChessBase"]
[SourceDate "2011.08.29"]
[SourceVersion "1"]
[SourceVersionDate "2011.08.29"]
[SourceQuality "1"]
[WhiteTeam "Gazi Universitesi"]
[BlackTeam "Celikkol Turizm Pamukkale"]
[WhiteTeamCountry "TUR"]
[BlackTeamCountry "TUR"]

1. d4 Nf6 2. c4 e6 3. Nf3 b6 4. g3 Bb7 5. Bg2 Bb4+ 6. Nbd2 0-0 7. 0-0 Bxd2 8. Qxd2 d6 9. b3 Nbd7 10. Bb2 Qe7 11. Rfd1 Ne4 12. Qc2 f5 13. Nd2 Ndf6 14. Nxe4 Nxe4 15. d5 Nf6 16. dxe6 Bxg2 17. Kxg2 Qxe6 18. e3 Rae8 19. Rac1 Ne4 20. Rd5 Qg6 21. Re1 Ng5 22. Qd1 Re6 23. h4 Ne4 24. Qf3 a5 25. Qf4 h6 26. a3 Nc5 27. b4 axb4 28. axb4 Na6 29. b5 Nc5 30. Qf3 f4 31. h5 Qc2 32. Re2 Qxc4 33. gxf4 Rxf4 34. Rxc5 bxc5 35. exf4 Qxe2 36. Qc3 Qg4+ 37. Kf1 Qd1+ 38. Kg2 Qg4+ 39. Kf1 Re7 40. Qc4+ Qe6 41. Qc3 Qe2+ 42. Kg2 Qxh5 43. Qg3 Qf5 44. Qh4 Rf7 45. Kg3 c4 46. f3 Qxb5 47. Bc3 Qf5 48. Bd4 c5 49. Bc3 d5 50. Be5 Qd7 51. Qh5 d4 0-1

[Event "TUR-chT"]
[Site "Konya"]
[Date "2011.07.04"]
[Round "7"]
[White "Komut, Kaan"]
[Black "Olcum, Ahmet"]
[Result "1-0"]
[WhiteElo "1917"]
[BlackElo "1920"]
[PlyCount "69"]
[EventDate "2011.06.28"]
[EventType "team-swiss"]
[EventRounds "13"]
[EventCountry "TUR"]
[SourceTitle "CBM 143 Extra"]
[Source "ChessBase"]
[SourceDate "2011.08.29"]
[SourceVersion "1"]
[SourceVersionDate "2011.08.29"]
[SourceQuality "1"]
[WhiteTeam "Celikkol Turizm Pamukkale"]
[BlackTeam "Deniz Genclik"]
[WhiteTeamCountry "TUR"]
[BlackTeamCountry "TUR"]

1. e4 d6 2. d4 Nf6 3. Nc3 g6 4. f4 Bg7 5. Be3 0-0 6. h3 c5 7. dxc5 Qa5 8. Qd2 dxc5 9. 0-0-0 Nxe4 10. Nxe4 Qxa2 11. Qd3 Bxb2+ 12. Kd2 Bf5 13. Nc3 Qa5 14. Qc4 Rd8+ 15. Ke2 Na6 16. Nd5 Kf8 17. g4 Bd7 18. Kf2 Bc6 19. f5 Bd4 20. Bg2 e6 21. fxe6 fxe6 22. Rxd4 cxd4 23. Bh6+ Kf7 24. Nf4 Nc7 25. Bxc6 bxc6 26. Nf3 Qb5 27. Qa2 Nd5 28. Rb1 Qc5 29. Rb7+ Kg8 30. Nd3 Qd6 31. Nfe5 Rf8+ 32. Kg1 Nc7 33. Bxf8 Rxf8 34. Qxa7 Ne8 35. Rd7 1-0

[Event "TUR-chT"]
[Site "Konya"]
[Date "2011.07.04"]
[Round "8"]
[White "Komut, Kaan"]
[Black "Yilmazyerli, Mert"]
[Result "0-1"]
[WhiteElo "1917"]
[BlackElo "2318"]
[PlyCount "120"]
[EventDate "2011.06.28"]
[EventType "team-swiss"]
[EventRounds "13"]
[EventCountry "TUR"]
[SourceTitle "CBM 143 Extra"]
[Source "ChessBase"]
[SourceDate "2011.08.29"]
[SourceVersion "1"]
[SourceVersionDate "2011.08.29"]
[SourceQuality "1"]
[WhiteTeam "Bursa Tophane"]
[BlackTeam "Besiktas Jimnastik"]
[WhiteTeamCountry "TUR"]
[BlackTeamCountry "TUR"]

1. d4 Nf6 2. Nf3 g6 3. c4 Bg7 4. g3 0-0 5. Bg2 d5 6. cxd5 Nxd5 7. 0-0 Nc6 8. Nc3 Nxc3 9. bxc3 e5 10. e3 Be6 11. Qa4 Bd5 12. Rd1 exd4 13. cxd4 a6 14. Ba3 Re8 15. Ne1 Qd7 16. Rac1 Rad8 17. Qc2 Qe6 18. Bxd5 Qxd5 19. Ng2 g5 20. Qb3 Qxb3 21. axb3 Rd5 22. Ne1 Red8 23. Nd3 Bxd4 24. exd4 Nxd4 25. Nb2 Ne2+ 26. Kf1 Nxc1 27. Rxc1 c6 28. Bc5 Rd2 29. Nc4 Rd1+ 30. Rxd1 Rxd1+ 31. Ke2 Rd5 32. b4 f6 33. Ke3 Kg7 34. f4 Kg6 35. Na5 Rd7 36. Ke4 g4 37. f5+ Kg7 38. Be3 Rd5 39. Bc5 Rd7 40. Be3 h5 41. Bc5 Rd2 42. Nxb7 Rxh2 43. Na5 Rc2 44. Kd3 Rg2 45. Bd6 Rg1 46. Bf4 h4 47. gxh4 g3 48. Nxc6 g2 49. Be3 Re1 50. Ba7 g1Q 51. Bxg1 Rxg1 52. Kc4 Ra1 53. Kc5 Kh6 54. Kb6 Ra4 55. Kc5 Kh5 56. Nd4 Kxh4 57. Ne6 Kg4 58. Ng7 Ra1 59. Kb6 Ra4 60. Kc5 Kg5 0-1

[Event "TUR-chT"]
[Site "Konya"]
[Date "2010.07.05"]
[Round "8"]
[White "Koc, Omer Tarik"]
[Black "Komut, Kaan"]
[Result "1/2-1/2"]
[WhiteElo "1851"]
[BlackElo "1937"]
[PlyCount "68"]
[EventDate "2010.06.29"]
[EventType "team-tourn"]
[EventRounds "13"]
[EventCountry "TUR"]
[SourceTitle "CBM 137 Extra"]
[Source "ChessBase"]
[SourceDate "2010.09.01"]
[SourceVersion "1"]
[SourceVersionDate "2010.09.01"]
[SourceQuality "1"]

1. e4 e5 2. Nf3 Nc6 3. Bb5 a6 4. Ba4 Nf6 5. d3 Bc5 6. c3 b5 7. Bb3 d6 8. h3 h6 9. 0-0 0-0 10. Re1 Bb6 11. Nbd2 Ne7 12. Nf1 Ng6 13. Ng3 Bb7 14. Nf5 c5 15. Bc2 Re8 16. Nh2 d5 17. Ng4 Nxg4 18. Qxg4 Qf6 19. Re3 dxe4 20. dxe4 Bc8 21. Rf3 Bxf5 22. Rxf5 Qh4 23. Qf3 Qe7 24. g3 c4 25. b3 Qe6 26. Qh5 Nf8 27. Qh4 Ng6 28. Qh5 Nf8 29. Qh4 Ba5 30. b4 Bb6 31. a4 Ng6 32. Qh5 Nf8 33. Qh4 Ng6 34. Qh5 Nf8 1/2-1/2

[Event "Wch U16"]
[Site "Kemer"]
[Date "2009.11.21"]
[Round "10"]
[White "Komut, Kaan"]
[Black "Sahin, Ozgun"]
[Result "0-1"]
[WhiteElo "1930"]
[BlackElo "1598"]
[PlyCount "74"]
[EventDate "2009.11.12"]
[EventType "swiss"]
[EventRounds "11"]
[EventCountry "TUR"]
[SourceTitle "EXT 2010"]
[Source "ChessBase"]
[SourceDate "2010.11.25"]
[SourceVersion "1"]
[SourceVersionDate "2010.11.25"]
[SourceQuality "1"]

1. e4 c5 2. Nf3 d6 3. c3 Nf6 4. h3 Nc6 5. Bd3 g6 6. Bc2 Bg7 7. 0-0 0-0 8. Re1 b6 9. d4 cxd4 10. cxd4 Bb7 11. Nc3 Rc8 12. Bf4 a6 13. Qd2 Re8 14. Bh6 Na5 15. Bxg7 Kxg7 16. Bd3 b5 17. Qe2 e5 18. d5 Qd7 19. Nxb5 axb5 20. Bxb5 Qe7 21. b4 Nc6 22. dxc6 Bxc6 23. Bxc6 Rxc6 24. b5 Rc3 25. a4 Nh5 26. Qd2 Rxf3 27. Re3 Rxe3 28. Qxe3 Qb7 29. b6 Nf6 30. a5 Ra8 31. f3 Nd7 32. Qd2 Qc6 33. Rc1 Nc5 34. Qb4 Qb7 35. Qb5 Ne6 36. Qb4 Qa6 37. Qxd6 Qxa5 0-1

[Event "Wch U16"]
[Site "Kemer"]
[Date "2009.11.16"]
[Round "6"]
[White "Komut, Kaan"]
[Black "Kerigan, Demre"]
[Result "1-0"]
[WhiteElo "1930"]
[BlackElo "2097"]
[PlyCount "61"]
[EventDate "2009.11.12"]
[EventType "swiss"]
[EventRounds "11"]
[EventCountry "TUR"]
[SourceTitle "EXT 2010"]
[Source "ChessBase"]
[SourceDate "2010.11.25"]
[SourceVersion "1"]
[SourceVersionDate "2010.11.25"]
[SourceQuality "1"]

1. e4 Nc6 2. d4 d5 3. e5 Bf5 4. c3 e6 5. Bd3 Nge7 6. Nf3 Qd7 7. 0-0 f6 8. Re1 Bg4 9. b4 f5 10. a4 h6 11. Nbd2 a5 12. bxa5 Nxa5 13. Nf1 g5 14. h3 Bh5 15. Ng3 Bg6 16. Ba3 Nec6 17. Bxf8 Kxf8 18. Qc1 Nc4 19. Qb1 N6a5 20. Qb4+ Kf7 21. Bxf5 Bxf5 22. Nxf5 Ra6 23. Qb1 Rb6 24. Qc2 Nb3 25. Rad1 Qxa4 26. Ne3 Qc6 27. Ng4 Nba5 28. h4 Na3 29. Qd3 Qc4 30. Nxh6+ Kg7 31. Qe3 1-0